| 000 | 00666nam a22002177a 4500 | ||
|---|---|---|---|
| 999 |
_c14348 _d14348 |
||
| 003 | AR-CdUCM | ||
| 008 | 190422b ||||| |||| 00| 0 spa d | ||
| 020 | _a978-849-825-529-4 | ||
| 040 |
_aMUNICIPALIDAD PROVINCIAL DEL CUSCO _cBIBLIOTECA MUNICIPAL DEL CUSCO |
||
| 082 |
_aPI / 376.1 / _bT19 |
||
| 110 |
_aTnago Books _933088 |
||
| 245 | _aMe encanta leer / | ||
| 260 |
_aBarcelona : _bCombel, _c2010. |
||
| 300 |
_a14 paginas _bIlustraciones, _c20 cm. |
||
| 500 | _aTitulo original : Ilove to read | ||
| 650 |
_aCuentos _9312 |
||
| 650 |
_aNarraciones con arte _933089 |
||
| 650 |
_aNiños y niñas _931498 |
||
| 942 |
_2ddc _cLIBROS |
||
| 945 |
_awnts _d2019-04-22 |
||